Geography Quiz

Random Geography or Asia Quiz

Quick Pick: Cities in China Quiz Stats

 Plays Quiz not verified by Sporcle

Score 0/12 Timer 01:00
0 Plays Today
% Correct
Beijing
98.6%
Guangzhou
97.5%
Shanghai
97%
Nanjing
94%
Shenzhen
92.6%
Hong Kong
90.7%
Xi'an
90.7%
Qingdao
90.1%
Tianjin
89.3%
Wuhan
89%
Chengdu
84.7%
Ürümqi
60%

You're not logged in!

Compare scores with friends on all Sporcle quizzes.
OR
Log In

Show Comments

Extras

Top Quizzes Today


Score Distribution

Your Account Isn't Verified!

In order to create a playlist on Sporcle, you need to verify the email address you used during registration. Go to your Sporcle Settings to finish the process.

Report this User

Report this user for behavior that violates our Community Guidelines.

Details: